| 000 | 00838cam a22002534a 4500 | ||
|---|---|---|---|
| 008 | |||
| 020 | _a0672325616 | ||
| 049 | _aMAIN | ||
| 090 | 0 | _aQA76.73.P224SCH | |
| 100 | 1 | _aSchlossnagle, George. | |
| 245 | 1 | 0 |
_aAdvanced PHP programming : _ba practical guide to developing large-scale Web sites and applications with PHP 5 / _cGeorge Schlossnagle. |
| 260 |
_aIndianapolis, Ind. : _bSams Pub., _cc2004. |
||
| 300 |
_axvii, 650 p. : _bill. ; _c23 cm. |
||
| 440 | 0 | _aDeveloper's library | |
| 504 | _aIncludes bibliographical references. | ||
| 500 | _aIncludes index. | ||
| 650 | 0 | _aPHP (Computer program language) | |
| 650 | 0 |
_aWeb sites _xDesign. |
|
| 907 |
_a.b10212802 _b04-09-06 _c31-08-06 |
||
| 003 | |||
| 005 | 20230123134240.0 | ||
| 040 | _cNUST | ||
| 942 |
_cBOOKS _kQA76.73.P224SCH |
||
| 999 |
_c162631 _d162631 |
||